000 00754nam a2200217Ii 4500
003 JO-AjNU
005 20240610120459.0
008 230605s9999||||xx |||||||||||||| ||und||
040 _aJO-AjNU
_bara
_erda
_cJO-AjNU
041 _aara
050 1 4 _aPJ 752.S86.M84 1977
100 3 _aالمختار،صفوك سعدالله إعداد وتقديم,
_eauthor
_96985
245 0 0 _aأنيس المؤمنين من قصص الصالحين
264 3 1 _aبغداد:دار الإسراء- دار الفيحاء، 1977
300 _a150ص
336 _atext
_btxt
_2rdacontent
337 _aunmediated
_bn
_2rdamedia
338 _avolume
_bnc
_2rdacarrier
650 4 _aالقصص الدينية-القصص العربية القصيرة
_96986
942 _2lcc
_cBK
999 _c3618
_d3618